| 000 | 00630cam a22002291 4500 | ||
|---|---|---|---|
| 001 | ne 68002974 | ||
| 003 | DLC | ||
| 005 | 20260227111845.0 | ||
| 008 | 890420s1967 xx 000 0 ara | ||
| 010 | _ane 68002974 | ||
| 035 | _a(OCoLC)23487113 | ||
| 040 |
_aDLC _cMiU _dDLC |
||
| 042 | _apremarc | ||
| 050 | 0 | 0 |
_aHC498 _b.H84 |
| 100 | 1 | _aḤujayr, Muḥammad Mubārak. | |
| 245 | 1 | 3 | _aal-Tansīq al-iqtiṣādī al-ṣināʻī lil-duwal al-ʻArabīyah. |
| 260 | _c1967. | ||
| 300 |
_a360 p. _c24 cm. |
||
| 500 | _aRomanized. | ||
| 650 | 0 |
_aIndustries _zArab countries. |
|
| 651 | 0 |
_aArab countries _xEconomic integration. |
|
| 999 |
_c50642 _d50642 |
||